000 01210nam a2200277 i 4500
001 162602
003 ES-MaACL
005 20250815065420.0
008 041122s1880 fr abf |||| | fre d
040 _aCAM
_bspa
_cCAM
080 _a915.15/17
100 1 _aPrjévalski, Nikolaï Mikhaïlovich.
_9131380
245 1 0 _aMongolie et pays des tangoutes /
_cN. Prjévalski ; ouvrage traduit du russe... par G. Du Laurens ; précédé d'une préface / de E. Delmar-Morgan et d'une introduction du Col. Yule ; traduites de l'anglais... par J. Belin de Launay.
260 _aParis :
_bLibrairie Hachette et C.,
_c1880 (
_eCorbeil :
_fTyp. et stér. Crété)
300 _aLVI, 344 p., [23] h. lám., [4] h. maps. ;
_c24 cm.
599 _aLas h. de lám. alegóricas, excepto la primera, retrato del autor.
599 _aLas h. de map. pleg. o dobles.
651 4 _aMongolia-
_xDescripción.
_9159946
651 7 _aTíbet-
_xDescripción
_2
_9158287
700 1 _aDu Laurens, G.
_9126849
700 1 _aDelmar-Morgan, E.
_9126747
700 1 _aYule, Henry
_9117740
700 1 _aBelin de Launay, Jules.
_927165
852 _aES-MaACL
_jF-784
_z- Enc. tela roja, con cortes dorados
999 _c162602
_d162602